• 首页
  • 本馆介绍
  • 公告通知
  • 最新文献
  • 馆藏检索
  • 电子资源
  • 读者导购
  • 参考咨询
  • 我的图书馆
  • 登录
  • 详细信息显示
  • 放入我的书架
  • 预约/预借图书
  • 作者相关作品
  • 分类相关作品
  • 丛书相关作品
  • 出版社相关作品

书目信息

  • 表格格式
  • 工作单格式
  • 卡片格式
题名:
彩铅完全自学入门教程
    
 
作者: 李礼轩 绘 ;陈晓杰 主编
分册:   花卉时光
出版信息: 南京   江苏凤凰科学技术出版社  2019
页数: 155页
开本: 24cm
丛书名:
单 册:
中图分类: J214.1
科图分类:
主题词: 花卉画--铅笔画--绘画技法--教材
电子资源:
ISBN: 978-7-5713-0223-8
000 00977nam0 2200253 450
001 012001006525
005 20131016172531.0
010    @a978-7-5713-0223-8@dCNY49.80
100    @a20190722d2019 em y0chiy50 ea
101 0  @achi
102    @aCN@b320000
105    @aa z 000yy
106    @ar
200 1  @a彩铅完全自学入门教程@9cai qian wan quan zi xue ru men jiao cheng@i花卉时光@b专著@f李礼轩绘@g陈晓杰主编
210    @a南京@c江苏凤凰科学技术出版社@d2019
215    @a155页@c彩图@d24cm
300    @a介于手绘
330    @a本书是一本彩铅入门教程书,书中有各种不同颜色的花朵,如百合、杜鹃、梨花、洋桔梗、木棉花、油菜花、牵牛花等。书中案例是根据不同花卉画法及构图的特点,从线稿到上色,详细讲解了花的绘制过程,方便读者由易到难,循序渐进。
606 0  @a花卉画@x铅笔画@x绘画技法@j教材
690    @aJ214.1@v5
701  0 @a李礼轩@9li li xuan@4绘
702  0 @a陈晓杰@9chen xiao jie@f(198?-)@4主编
801  2 @aCN@b上海新华@c20191020
905    @b1099804-7@dJ214.1@e1045@f4
    
    彩铅完全自学入门教程.花卉时光/李礼轩绘/陈晓杰主编.-南京:江苏凤凰科学技术出版社,2019
    155页:彩图;24cm
    介于手绘
    
    ISBN 978-7-5713-0223-8:CNY49.80
    本书是一本彩铅入门教程书,书中有各种不同颜色的花朵,如百合、杜鹃、梨花、洋桔梗、木棉花、油菜花、牵牛花等。书中案例是根据不同花卉画法及构图的特点,从线稿到上色,详细讲解了花的绘制过程,方便读者由易到难,循序渐进。
●
相关链接 在E读中查询图书 在五车中查询图书 在当当中查询图书 在豆瓣中查询图书


正题名:彩铅完全自学入门教程     索取号:J214.1/1045         预约/预借

序号 登录号 条形码 馆藏地/架位号 状态 备注
1 1099804   210998045   第一样本阅览室/ [索取号:J214.1/1045] 在馆    
2 1099805   210998054   第一借阅区/ [索取号:J214.1/1045] 在馆    
3 1099806   210998063   第一借阅区/ [索取号:J214.1/1045] 在馆    
4 1099807   210998072   第一借阅区/ [索取号:J214.1/1045] 在馆    
唐山师范学院图书馆 欢迎您!
大连网信软件有限公司© 版权所有